000 00454nam a2200193Ia 4500
003 OSt
005 20250703141232.0
008 210210b1961 xxu||||| |||| 00| 0 eng d
040 _cAL
041 _aEnglish
082 _a512.9434 SCHI
100 _aJacob T Schwartz
_976757
245 _aIntroduction to matrices and vectors
260 _aNY
_bMcGraw Hill
_c1961
300 _a163
690 _aAlgebra
_976758
906 _a027381
942 _2ddc
_cBK
999 _c78670
_d78670